Diaspora-China - Statistics

General Stats
  • This quiz has been taken 316 times
    298 since last reset
  • The average score is 55 of 75
Answer Stats
Number of immigrants Continent Country % Correct
5.025.017 North America United States of America
98%
730.890 Asia Japan
97%
200.000-400.000 Asia/ Europe Russia
96%
1.769.195 North America Canada
94%
1.643.611 Asia South Korea
94%
2.832.510 Asia Indonesia
93%
466.000 Europe United Kingdom
93%
1.213.903 Oceania Australia
92%
250.000 South America Brazil
92%
9.349.900 Asia Thailand
92%
6.642 Asia Malaysia
90%
700.000 Europe France
89%
70.000 North America Mexico
89%
2.571.000 Asia Singapore
89%
823.071 Asia Vietnam
89%
320.794 Europe Italy
88%
147.570 Oceania New Zealand
88%
201.739 Europe Spain
88%
145.000 Europe Spain
88%
200.000 South America Argentina
87%
982.600 Asia Cambodia
87%
190.000 Asia Laos
87%
900.000-1.300.000 South America Peru
87%
300.000-400.000 Africa South Africa
87%
212.000 Europe Germany
86%
33.548 Europe Sweden
84%
15.000 South America Colombia
83%
46.800 Asia/ Europe Turkey
83%
10.000 South America Chile
81%
17.000 Europe Portugal
80%
420.000 South America Venezuela
80%
6.000-10.000 Africa Egypt
78%
1.637.540 Asia Myanmar
78%
10.600 Europe Norway
78%
180.000 Asia United Arab Emirates
78%
135.000 North America Panama
77%
1.350.000 Asia the Philippines
77%
15.500 Europe Belgium
76%
114.242 North America Cuba
76%
11.825 Europe Finland
76%
80.198 Europe the Netherlands
76%
17.800 Europe Ireland
75%
300.000 Asia Kazakhstan
75%
5.000 Europe Poland
75%
40.000 Africa Nigeria
74%
45.000 North America Costa Rica
72%
7.000 Africa Kenya
72%
25.000 Europe Austria
71%
10.247 Europe Denmark
71%
15.000 North America Dominican Republic
70%
35.000 Africa Tanzania
67%
72.000 North America Jamaica
64%
34.712 Oceania Fiji
62%
60.000 Asia Pakistan
62%
6.000 Asia Qatar
61%
20.000-60.000 Africa Ethiopia
58%
15.000 Europe Hungary
58%
10.000 Asia Israel
58%
50.000 Africa Angola
57%
7.885 South America Suriname
56%
12.000 North America Nicaragua
55%
15.000-25.000 Africa Republic of the Congo
55%
6.000-20.000 Africa Ghana
54%
12.000 Africa Mozambique
54%
20.000 Oceania Papua New Guinea
53%
70.000-100.000 Africa Madagascar
51%
30.000 Oceania Samoa
51%
5.000-10.000 Africa Sudan
50%
7.000 Africa Uganda
50%
19.845 Africa Zambia
49%
10.000 Africa Zimbabwe
46%
9.000 Europe Bulgaria
43%
5.000-6.000 Africa Botswana
42%
38.500 Africa Mauritius
36%
5.000 Africa Lesotho
21%
No matching quizzes found
Score Distribution
Percent of People with Each Score
Percentile by Number Answered
Your Score History
You have not taken this quiz since the last reset